00638nam a2200193Ia 4500952013100000999001700131003000400148005001700152008004100169020001800210040000900228082002200237100003000259245004200289260004200331300000800373650001300381942005000394 00102ddc40708SSaMESbMEScMALd2019-02-20g50.00l0o894.812301 MOH/Pp31571r2019-02-20 00:00:00w2019-02-20yBKzGR30R2 c28909d28909OSt20210108115813.0190216s9999||||xx |||||||||||||| ||und|| a9788188801657 coclc a894.812301bMOH/P aMohammad, N P Hafiz98255 0aPoovum Puzhayum /cN P Hafiz Mohammad bLipi Publications,aKozhikode:c2006. a96p aKathakal cBK2ddch894.812301iMOH/Pk894.812301mMOH/P